01345nam a2200169 a 4500020002700000020003000027020001500057082001600072100002600088245003800114250001200152260005000164300001300214520086100227650001701088856007001105 a9350909421 (paperback) a9789350909423 (paperback) a8180611086 a612.015 CHA1 aChawla, Ranjna, Ph.D.10aPractical clinical biochemistry : a4th ed. a[S.l.] :bJaypee Brothers Medical Pub,c2014. a345 p. ; aThis new edition brings trainees fully up to date with the latest developments in the field of medical biochemistry. Divided into fifty chapters, the book covers numerous tests for different disorders throughout the body. The text has been fully revised with the addition of many new sections including chapters on therapeutic drug monitoring and on diagnostic indicators of cardiac disease, as well as 120 new case reports. Presented in an easy to read format, the fourth edition includes more than 80 diagrams and figures, and an appendix illustrating the different panels for clinical diagnosis and management. Key points * Fully revised, new edition presenting latest developments in medical biochemistry * Many new sections and case reports * Includes appendix showing panels for clinical diagnosis and management * Previous edition published in 2006. abiochemistry40uhttp://www.amazon.com/exec/obidos/ASIN/9350909421/chopaconline-20